| 000 | 01120cam a2200265 i 4500 | ||
|---|---|---|---|
| 001 | 20717412 | ||
| 003 | OSt | ||
| 005 | 20230720154926.0 | ||
| 008 | 181024s2016 enka b 001 0 eng d | ||
| 020 | _a9789988193799 | ||
| 035 | _a(OCoLC)ocn958091798 | ||
| 040 |
_aCVU _beng _cLC _erda _dOCLCO _dYDX _dSISMU _dOCLCF _dOCLCQ _dSINLB _dZ5A _dERD _dUEJ _dVP@ _dUAT _dOCLCQ _dDLC |
||
| 042 | _alccopycat | ||
| 043 | _ae-uk--- | ||
| 050 | _aKRX68.O97 | ||
| 100 |
_aOwusu, Justice Kwadwo _91883 |
||
| 245 | 1 | 0 |
_aLLB degree in a nutshell. / _cJustice Kwadwo Owusu. |
| 264 | 1 |
_aAccra: _bPentecost press Ltd., _c2018. |
|
| 300 |
_axvi, 278 p. : _c25 cm |
||
| 336 |
_atext _btxt _2rdacontent |
||
| 505 | 0 | 0 | _tContents: The Ghana legal system -- The law of contract -- Commercial law -- Tort and negligence -- Constitutional law of Ghana -- Criminal law of Ghana -- Equity and succession -- The law of immovable property -- Company and partnership law -- Jurisprudence -- |
| 906 |
_a7 _bcbc _ccopycat _d2 _encip _f20 _gy-gencatlg |
||
| 942 |
_2lcc _cBK |
||
| 999 |
_c9956 _d17456 |
||